000 00434nam a2200181Ia 4500
001 18848
005 20260306171701.0
008 260306s9999||||xx |||||||||||||| ||und||
041 _aESP
082 _a658.5
_bS68
100 _aSoret los Santos, Ignacio
_eAUT
245 0 _aLogística comercial y empresarial
260 _c2004
300 _a413 páginas :
_ccm.
650 _aGEN
654 _aCAN
942 _cLIB
_dJUS
_fJUS
_2ddc
_n
999 _c18848
_d18848